00550 a2200169 450000500170000000800410001702000180005804000460007604100080012210000150013024500620014526000410020730000220024850400530027065000200032365000370034320140903174959.0131128s2012 enk frn 001 0deng d a9780230359710 aCo-BoUCMcRoberto BurgosdDiana Londoño00aeng1 aPryce, Sue10aFixing drugs the politics of drug prohibitioncSue Pryce aHoundmillsbPalgrave Macmillanc2012 axx, 173 páginas aIncluye referencias bibliográficas e índices aAbuso de drogas aControl de drogas y narcóticos